Statistics for 27-大阪府の市町村クイズ

Click here to take the quiz!

General Stats

  • This quiz has been taken 1,731 times
    (887 since last reset)
  • The average score is 24 of 43

Answers on the Map

Answers color-coded by a green-red scale on the quiz's map according to % correct below.
 

Answer Stats

Answer% Correct
大阪おおさか
84%
さかい
80%
高槻たかつき
75%
能勢のせちょう
70%
東大阪ひがしおおさか
70%
島本しまもとちょう
68%
茨木いばらき
66%
豊能とよのちょう
66%
豊中とよなか
65%
池田いけだ
64%
吹田すいた
63%
枚方ひらかた
62%
箕面みのお
60%
みさきちょう
59%
摂津せっつ
57%
河内長野かわちながの
56%
八尾やお
56%
岸和田きしわだ
55%
千早赤阪ちはやあかさかむら
53%
門真かどま
52%
大東だいとう
52%
交野かたの
51%
和泉いずみ
50%
高石たかいし
50%
忠岡ただおかちょう
50%
阪南はんなん
50%
松原まつばら
50%
泉佐野いずみさの
48%
四條畷しじょうなわて
48%
富田林とんだばやし
48%
寝屋川ねやがわ
48%
大阪狭山おおさかさやま
47%
熊取くまとりちょう
47%
田尻たじりちょう
47%
藤井寺ふじいでら
47%
守口もりぐち
47%
泉大津いずみおおつ
46%
泉南せんなん
44%
羽曳野はびきの
44%
貝塚かいづか
43%
柏原かしわら
43%
太子たいしちょう
38%
河南かなんちょう
35%

Score Distribution

Percentile by Number Answered

Percent of People with Each Score

Your Score History

You have not taken this quiz since the last reset